SCP Mobile Task Forces Quiz - Statistics

General Stats
  • This quiz has been taken 806 times
  • The average score is 14 of 48
Answer Stats
MTF Number MTF Name % Correct
MTF Alpha-1 Red Right Hand
89%
MTF Epsilon-11 Nine-Tailed Fox
79%
MTF Nu-7 Hammer Down
63%
MTF Beta-7 Maz Hatters
63%
MTF Zeta-9 Mole Rats
56%
MTF Epsilon-6 Village Idiots
53%
MTF Alpha-9 Last Hope
51%
MTF Eta-10 See No Evil
49%
MTF Epsilon-9 Fire Eaters
48%
MTF Alpha-4 Pony Express
46%
MTF Tau-5 Samsara
43%
MTF Iota-10 Damn Feds
36%
MTF Mu-13 Ghostbusters
36%
MTF Omega-7 Pandora's Box
35%
MTF Gamma-6 Deep Feeders
34%
MTF Gamma-5 Red Herrings
31%
MTF Beta-4 Castaways
29%
MTF Pi-1 City Slickers
26%
MTF Delta-5 Front Runners
26%
MTF Lambda-5 White Rabbits
26%
MTF Kappa-10 Skynet
25%
MTF Beta-777 Hecate's Spear
23%
MTF Eta-5 Jaeger Bombers
23%
MTF Eta-11 Savage Beasts
23%
MTF Lambda-12 Pest Control
22%
MTF Gamma-13 Asimov's Lawbringers
21%
MTF Theta-4 Gardeners
21%
MTF Omicron Rho The Dream Team
20%
MTF Mu-4 Debuggers
18%
MTF Lambda-14 One Star Reviewers
18%
MTF Sigma-66 Sixteen Tons
18%
MTF Lambda-4 Birdwatchers
17%
MTF Eta-4 Begone Thoth
16%
MTF Theta-90 Angle Grinders
15%
MTF Omega-0 Ara Orun
15%
MTF Epsilon-7 Forget Me Nots
15%
MTF Rho-1 The Professors
15%
MTF Psi-8 The Silencers
15%
MTF Mu-3 Highest Bidders
14%
MTF Rho-9 Technical Support
13%
MTF Psi-7 Home Improvement
12%
MTF Omega-12 Achilles' Heels
11%
MTF Theta-5 The Bigger Boat
11%
MTF Sigma-3 Bibliographers
10%
MTF Phi-2 Clever Girls
10%
MTF Upsilon-4 Sugar Pill
10%
MTF Rho-19 Cythereans
8%
MTF Stigma-9 Evolved from Naturally Occuring Gears, Levers and Pulleys
6%
No matching quizzes found
Score Distribution
Percent of People with Each Score
Percentile by Number Answered
Your Score History
You have not taken this quiz